Sports Quiz

Random Sports or Auto Racing Quiz

F1 Last Time Winners by Season Quiz Stats

 Plays Quiz not verified by Sporcle

Score 0/98 Timer 15:00
0 Plays Today
Season Driver % Correct
2018Kimi Räikkönen
93.7%
2019Sebastian Vettel
93.7%
2018Daniel Ricciardo
93.7%
2019Charles Leclerc
93.2%
2019Lewis Hamilton
93.2%
2012Jenson Button
93.2%
2019Max Verstappen
92.8%
2019Valtteri Bottas
92.8%
2016Nico Rosberg
92.8%
2012Mark Webber
92.8%
2013Fernando Alonso
92.3%
2012Pastor Maldonado
91.8%
2008Robert Kubica
91.8%
2009Rubens Barrichello
90.8%
2006Michael Schumacher
90.8%
2008Felipe Massa
90.3%
2005Juan Pablo Montoya
90.3%
2008Heikki Kovalainen
89.9%
2006Giancarlo Fisichella
89.9%
2003Ralf Schumacher
89.9%
2001Mika Häkkinen
89.9%
1997Jacques Villeneuve
88.9%
2003David Coulthard
88.4%
1993Alain Prost
88.4%
1993Ayrton Senna
87.9%
2004Jarno Trulli
87.4%
1999Eddie Irvine
86.5%
1998Damon Hill
86%
1999Heinz-Harald Frentzen
84.1%
1995Jean Alesi
83.6%
1994Nigel Mansell
83.6%
1991Nelson Piquet
83.1%
1997Gerhard Berger
82.1%
Season Driver % Correct
1985Niki Lauda
82.1%
1999Johnny Herbert
81.2%
1996Olivier Panis
81.2%
1985Keke Rosberg
79.7%
1957Juan Manuel Fangio
77.3%
1981Gilles Villeneuve
76.8%
1992Riccardo Patrese
74.4%
1953Alberto Ascari
72.9%
1981Alan Jones
72.5%
1978Mario Andretti
72%
1978Ronnie Peterson
72%
1990Thierry Boutsen
71.5%
1968Bruce McLaren
71%
1979Jody Scheckter
70.5%
1977James Hunt
70%
1970Jack Brabham
70%
1975Emerson Fittipaldi
69.6%
1973Jackie Stewart
69.6%
1979Clay Regazzoni
68.6%
1953Nino Farina
68.1%
1970Jochen Rindt
68.1%
1985Michele Alboreto
67.6%
1972Jacky Ickx
67.6%
1981Carlos Reutemann
67.1%
1982Didier Pironi
66.2%
1974Denny Hulme
66.2%
1983John Watson
65.2%
1969Graham Hill
65.2%
1968Jim Clark
64.7%
1983René Arnoux
64.3%
1989Alessandro Nannini
63.8%
1985Elio de Angelis
63.8%
1970Pedro Rodríguez
63.8%
Season Driver % Correct
1958Mike Hawthorn
62.3%
1981Jacques Laffite
60.9%
1971François Cevert
60.9%
1954José Froilán González
59.9%
1961Phil Hill
59.4%
1961Wolfgang von Trips
58.9%
1975Jochen Mass
58.9%
1975Carlos Pace
58.9%
1967John Surtees
58.9%
1977Gunnar Nilsson
58.5%
1983Patrick Tambay
57.5%
1980Jean-Pierre Jabouille
57.5%
1951Luigi Fagioli
57%
1961Stirling Moss
57%
1967Dan Gurney
56%
1971Jo Siffert
53.6%
1965Richie Ginther
52.2%
1959Tony Brooks
51.7%
1958Peter Collins
51.2%
1964Lorenzo Bandini
50.7%
1979Patrick Depailler
50.7%
1956Luigi Musso
50.2%
1958Maurice Trintignant
49.3%
1973Peter Revson
48.3%
1959Jo Bonnier
47.8%
1975Vittorio Brambilla
47.8%
1952Piero Taruffi
46.9%
1961Giancarlo Baghetti
45.4%
1972Jean-Pierre Beltoise
44.9%
1966Ludovico Scarfiotti
43.5%
1971Peter Gethin
41.5%
1961Innes Ireland
39.1%

You're not logged in!

Compare scores with friends on all Sporcle quizzes.
OR
Log In

Sporcle TV

Today on Sporcle TV


Watch our educational content, quiz creation guides, and fun videos on Sporcle TV.

Show Comments

Extras

Top Quizzes Today


Score Distribution

Your Account Isn't Verified!

In order to create a playlist on Sporcle, you need to verify the email address you used during registration. Go to your Sporcle Settings to finish the process.

Report this User

Report this user for behavior that violates our Community Guidelines.

Details: